<?xml version="1.0" encoding="UTF-8"?>
<record
    xmlns:xsi="http://www.w3.org/2001/XMLSchema-instance"
    xsi:schemaLocation="http://www.loc.gov/MARC21/slim http://www.loc.gov/standards/marcxml/schema/MARC21slim.xsd"
    xmlns="http://www.loc.gov/MARC21/slim">

  <leader>01350nam a22002777a 4500</leader>
  <controlfield tag="005">20170124102944.0</controlfield>
  <datafield tag="010" ind1=" " ind2=" ">
    <subfield code="a">B-073002</subfield>
  </datafield>
  <datafield tag="020" ind1=" " ind2=" ">
    <subfield code="c">250.00</subfield>
  </datafield>
  <datafield tag="035" ind1=" " ind2=" ">
    <subfield code="a">B-073002</subfield>
  </datafield>
  <datafield tag="037" ind1=" " ind2=" ">
    <subfield code="b">Cen Lib/Ret</subfield>
  </datafield>
  <datafield tag="040" ind1=" " ind2=" ">
    <subfield code="a">DPL</subfield>
    <subfield code="b">HN</subfield>
  </datafield>
  <datafield tag="082" ind1=" " ind2=" ">
    <subfield code="a">808.8</subfield>
    <subfield code="b">&#x926;&#x932;&#x93F;&#x924; </subfield>
  </datafield>
  <datafield tag="245" ind1=" " ind2=" ">
    <subfield code="a">&#x926;&#x932;&#x93F;&#x924; &#x926;&#x916;&#x932; :</subfield>
    <subfield code="c">&#x938;&#x902;&#x92A;&#x93E;&#x926;&#x915; &#x936;&#x94D;&#x92F;&#x94B;&#x930;&#x93E;&#x91C;&#x938;&#x93F;&#x902;&#x939; '&#x92C;&#x947;&#x91A;&#x948;&#x928;' [&#x90F;&#x935;&#x902;] &#x930;&#x91C;&#x924;&#x930;&#x93E;&#x928;&#x940; &#x92E;&#x940;&#x928;&#x942; </subfield>
    <subfield code="b">&#x938;&#x93E;&#x939;&#x93F;&#x924;&#x94D;&#x92F;&#x93F;&#x915; &#x938;&#x93E;&#x915;&#x94D;&#x937;&#x93E;&#x924;&#x94D;&#x915;&#x93E;&#x930; /</subfield>
  </datafield>
  <datafield tag="246" ind1=" " ind2=" ">
    <subfield code="a">Dalit dakhal : sahityik sakshakar /</subfield>
    <subfield code="b">sampadak Shyorajsingh 'Bechain: [and] Rajtrani Meenu </subfield>
  </datafield>
  <datafield tag="260" ind1=" " ind2=" ">
    <subfield code="a">&#x917;&#x93E;&#x91C;&#x93C;&#x93F;&#x92F;&#x93E;&#x92C;&#x93E;&#x926; </subfield>
    <subfield code="b">&#x938;&#x93E;&#x939;&#x93F;&#x924;&#x94D;&#x92F;&#x93F;&#x915; &#x938;&#x902;&#x938;&#x94D;&#x925;&#x93E;&#x928; </subfield>
    <subfield code="c">2001</subfield>
  </datafield>
  <datafield tag="270" ind1=" " ind2=" ">
    <subfield code="b">&#x917;&#x93E;&#x91C;&#x93C;&#x93F;&#x92F;&#x93E;&#x92C;&#x93E;&#x926; </subfield>
    <subfield code="a">&#x90F;-10/660, &#x909;&#x924;&#x930;&#x93E;&#x902;&#x91A;&#x932; &#x915;&#x949;&#x932;&#x94B;&#x928;&#x940;, &#x932;&#x94B;&#x928;&#x94B; &#x92C;&#x949;&#x930;&#x94D;&#x921;&#x930; </subfield>
  </datafield>
  <datafield tag="300" ind1=" " ind2=" ">
    <subfield code="a">207&#x92A;&#x943;.</subfield>
    <subfield code="c">19&#x938;&#x947;&#x92E;&#x940;(&#x938;&#x91C;&#x93F;&#x932;&#x94D;&#x926;)</subfield>
  </datafield>
  <datafield tag="500" ind1=" " ind2=" ">
    <subfield code="a">&#x92A;&#x930;&#x93F;&#x936;&#x93F;&#x937;&#x94D;&#x91F; &#x936;&#x93E;&#x92E;&#x93F;&#x932; </subfield>
  </datafield>
  <datafield tag="650" ind1=" " ind2=" ">
    <subfield code="a">&#x939;&#x93F;&#x902;&#x926;&#x940; &#x938;&#x93E;&#x939;&#x93F;&#x924;&#x94D;&#x92F; </subfield>
    <subfield code="9">49310</subfield>
  </datafield>
  <datafield tag="650" ind1=" " ind2=" ">
    <subfield code="a">&#x939;&#x93F;&#x902;&#x926;&#x940; &#x915;&#x939;&#x93E;&#x928;&#x93F;&#x92F;&#x93E;&#x902; </subfield>
    <subfield code="9">2082</subfield>
  </datafield>
  <datafield tag="650" ind1=" " ind2=" ">
    <subfield code="a">Hindi litarature </subfield>
    <subfield code="9">49311</subfield>
  </datafield>
  <datafield tag="650" ind1=" " ind2=" ">
    <subfield code="a">Hindi stories </subfield>
    <subfield code="9">49312</subfield>
  </datafield>
  <datafield tag="700" ind1=" " ind2=" ">
    <subfield code="a">&#x936;&#x94D;&#x92F;&#x94B;&#x930;&#x93E;&#x91C;&#x938;&#x93F;&#x902;&#x939; '&#x92C;&#x947;&#x91A;&#x948;&#x928;'</subfield>
    <subfield code="9">42649</subfield>
  </datafield>
  <datafield tag="700" ind1=" " ind2=" ">
    <subfield code="a">&#x930;&#x91C;&#x924;&#x930;&#x93E;&#x928;&#x940; &#x92E;&#x940;&#x928;&#x942; </subfield>
    <subfield code="9">49313</subfield>
  </datafield>
  <datafield tag="942" ind1=" " ind2=" ">
    <subfield code="2">ddc</subfield>
    <subfield code="c">HN</subfield>
    <subfield code="h">808.8</subfield>
    <subfield code="m">&#x926;&#x932;&#x93F;&#x924; </subfield>
  </datafield>
  <datafield tag="999" ind1=" " ind2=" ">
    <subfield code="c">112820</subfield>
    <subfield code="d">112820</subfield>
  </datafield>
  <datafield tag="952" ind1=" " ind2=" ">
    <subfield code="0">0</subfield>
    <subfield code="1">0</subfield>
    <subfield code="4">0</subfield>
    <subfield code="7">0</subfield>
    <subfield code="a">L</subfield>
    <subfield code="b">L</subfield>
    <subfield code="d">2015-08-10</subfield>
    <subfield code="e">Cen Lib/Ret</subfield>
    <subfield code="g">250.00</subfield>
    <subfield code="l">0</subfield>
    <subfield code="o">808.8 &#x926;&#x932;&#x93F;&#x924;</subfield>
    <subfield code="p">B-073002</subfield>
    <subfield code="r">2015-08-10 00:00:00</subfield>
    <subfield code="t">1</subfield>
    <subfield code="v">250.00</subfield>
    <subfield code="w">2015-08-10</subfield>
    <subfield code="y">HN</subfield>
  </datafield>
</record>
